000 01332pam a2200397 a 4500
001 5549
003 FISKH
005 20241217123219.0
008 960205s1996 nyu j 000 1 eng
010 _a 96003483
020 _a0670868612
020 _a9781405233408
040 _aDLC
_cDLC
_dDLC
_beng
042 _alcac
050 _aPZ7.M82712
082 _a823.914
100 1 _aMorpurgo, Michael.
245 1 4 _aThe ghost of Grania O'Malley /
_cMichael Morpurgo.
250 _aThis edition published in 2007
260 _aNew York :
_bEgmont,
_c1996.
300 _a213 pages :
_b20 cm
505 _aR
520 _aTen-year-old Jessie, helped by her American cousin and the ghost of a notorious female pirate, finds the strength to prevail over both a crippling disease and the greedy developers intent on destroying her Irish island home.
521 8 _a710
_bLexile
521 8 _aR
_bRaz-Plus
600 1 0 _aO'Malley, Grace,
_d1530?-1603?
_xJuvenile fiction.
600 1 1 _aO'Malley, Grace,
_d1530?-1603?
_xFiction.
650 1 _aGhosts
_xFiction.
650 1 _aPirates
_xFiction.
650 1 _aPeople with disabilities
_vFiction.
650 1 _aCousins
_xFiction.
651 1 _aIreland
_xFiction.
906 _a7
_bcbc
_corignew
_d1
_eocip
_f19
_gy-gencatlg
942 _2ddc
_cBK
_n0
999 _c5549
_d5549